Hearts of Iron IV States - Statistics

General Stats
  • This quiz has been taken 32 times
    15 since last reset
  • The average score is 230 of 1046
Answer Stats
State % Correct
South Island
85%
Alaska
77%
Florida
77%
New York
77%
North Island
77%
Texas
77%
Western Desert
77%
Arizona
69%
Cuba
69%
East Anglia
69%
Eastern Desert
69%
Georgia
69%
Hawaii
69%
Illinois
69%
Maryland
69%
New England
69%
Niederbayern
69%
Oberbayern
69%
Oregon
69%
Baja California
62%
Bohemia
62%
Brandenburg
62%
British Columbia
62%
California
62%
Colorado
62%
Corsica
62%
Crete
62%
Greater London Area
62%
Hokkaido
62%
Idaho
62%
Isle of Man
62%
Kansas
62%
Kentucky
62%
Leningrad
62%
Michigan
62%
Minsk
62%
Montana
62%
Moscow
62%
Nevada
62%
Newfoundland
62%
New Jersey
62%
New Mexico
62%
North Sudetenland
62%
North West Australia
62%
Samoa
62%
Sardegna
62%
South Carolina
62%
Trung Bo
62%
Utah
62%
Virginia
62%
Washington
62%
Alabama
54%
Alberta
54%
Alsace-Lorraine
54%
Arkansas
54%
Armenia
54%
Azerbaijan
54%
Baden
54%
Bermuda
54%
Bessarabia
54%
Bhutan
54%
Bosnia
54%
Brittany
54%
Cameroon
54%
Cape
54%
Central Macedonia
54%
Central Provinces
54%
Chad
54%
Champa
54%
Crimea
54%
Cyprus
54%
Czeské Slezsko
54%
Danzig
54%
Debar
54%
Delhi
54%
Districts of Ontario
54%
Dominican Republic
54%
Epirus
54%
Equatorial Africa
54%
Falkland Islands
54%
French Guiana
54%
French Somaliland
54%
Galicia
54%
Greenland
54%
Guangdong
54%
Haiti
54%
Holland
54%
Iceland
54%
Ile de France
54%
Indiana
54%
Iowa
54%
Jordan
54%
Kashmir
54%
Kiev
54%
Kurdistan
54%
Kuwait
54%
Labrador
54%
Lisbon
54%
Luxembourg
54%
Macedonia
54%
Madagascar
54%
Malta
54%
Moravia
54%
Nebraska
54%
Nepal
54%
North Carolina
54%
Oberschlesien
54%
Ohio
54%
Oklahoma
54%
Oman
54%
Palestine
54%
Papua
54%
Qatar
54%
Sicilia
54%
Sofia
54%
Southern Ontario
54%
Southern Slovakia
54%
South West Australia
54%
South-West England
54%
Stalingrad
54%
Tennessee
54%
Tirol
54%
Togo
54%
Trinidad
54%
United Provinces
54%
Vlaanderen
54%
Wales
54%
Wallonie
54%
West Bengal
54%
West Virginia
54%
Yemen
54%
Yukon Territory
54%
Albania
46%
Amazonas
46%
Amazon impassable 1
46%
Amazon impassable 2
46%
Amazon impassable 3
46%
Amazon impassable 4
46%
Amazon impassable 5
46%
Amazon impassable 6
46%
Amazon impassable 7
46%
Amazon impassable 8
46%
Azores
46%
Baghdad
46%
Bahrain
46%
British Honduras
46%
British Somaliland
46%
Burundi
46%
Cairo
46%
Cambodia
46%
Cataluña
46%
Croatia
46%
Dalmatia
46%
Easter Island
46%
Eastern Aragón
46%
Eastern Slovakia
46%
East Punjab
46%
Ecuador
46%
El Salvador
46%
Faroe Islands
46%
Federated Shan States
46%
Fiji
46%
Gambia
46%
Guatemala
46%
Guinea
46%
Honduras
46%
Istanbul
46%
Jylland
46%
Kabul
46%
Klaipeda
46%
Kosovo
46%
Lagos
46%
Laos
46%
Lazio
46%
Lebanon
46%
Lima
46%
Lombardia
46%
Louisiana
46%
Madrid
46%
Mauritania
46%
Mauritanian Desert
46%
Mexico City
46%
Middle Congo
46%
Minnesota
46%
Missouri
46%
New Brunswick
46%
Niger
46%
Nord-Pas-de-Calais
46%
Normandy
46%
North Dakota
46%
Northern Bahamas
46%
North Slovenia
46%
Nova Scotia
46%
Oberösterreich
46%
Panamá
46%
Pennsylvania
46%
Porto
46%
Puerto Rico
46%
Rīga
46%
Rio de Janeiro
46%
Rio de Oro
46%
Rwanda
46%
Sachsen
46%
Senegal
46%
Serbia
46%
Sierra Leone
46%
Sinai
46%
Somaliland
46%
South Dakota
46%
Southern Bahamas
46%
Southern Sahara
46%
Southern Serbia
46%
Suez
46%
Tasmania
46%
Tehran
46%
Toscana
46%
Transylvania
46%
Tunisia
46%
Uganda
46%
Warszawa
46%
Western Aragón
46%
Western Slovakia
46%
Yucatan
46%
Yunnan
46%
Abu Dhabi
38%
Aden
38%
Aleppo
38%
Algerian Desert
38%
Algiers
38%
Amur
38%
Arkhangelsk
38%
Aru Islands
38%
Asir-Makkah
38%
Asturias
38%
Backa
38%
Bale
38%
Bechuanaland
38%
British Guyana
38%
Brunei
38%
Cape Verde
38%
Costa Rica
38%
Dagestan
38%
Dahomey
38%
Damascus
38%
Equatorial Guinea
38%
Gabon
38%
Gansu
38%
Ghana
38%
Gibraltar
38%
Guam
38%
Guangxi
38%
Herzegovina
38%
Hessen
38%
Holstein
38%
Hong Kong
38%
Interior Borneo
38%
Islas Baleares
38%
Islas Canarias
38%
Izmir
38%
Jamaica
38%
Java
38%
Kalimantan
38%
Karjala
38%
Kraków
38%
La Paz
38%
Lappi
38%
Lwów
38%
Macau
38%
Malawi
38%
Maldives
38%
Midway Island
38%
Mississippi
38%
Moldova
38%
Montenegro
38%
Montevideo
38%
Mosul
38%
Murmansk
38%
Nicaragua
38%
Niederösterreich
38%
Nord du Quebec
38%
Northern Ireland
38%
Nunavut
38%
Okinawa
38%
Oslofjord
38%
Pará
38%
Piemonte
38%
Podkarpatská Rus
38%
Portuguese Guinea
38%
Portuguese Timor
38%
Poznan
38%
Province of Aden
38%
Qingdao
38%
Rhineland
38%
Saint Helena
38%
Santiago
38%
São Paulo
38%
Savoy
38%
Schleswig
38%
Seychelles
38%
Shanghai
38%
Shanxi
38%
Sichuan
38%
Sikkim
38%
Singapore
38%
Solomon Islands
38%
Sonora
38%
Southern Bessarabia
38%
Stalinabad
38%
Steiermark-Kärnten
38%
Suriname
38%
Taiwan
38%
Tanganyika
38%
Thrace
38%
Tripoli
38%
Ulaanbaatar
38%
Upper Volta
38%
Valencia
38%
Van
38%
Veneto
38%
Victoria
38%
Wisconsin
38%
Wyoming
38%
Acre
31%
Aegean Islands
31%
Åland
31%
Alexandria
31%
Alto Adige
31%
Ankara
31%
Assam
31%
Banat
31%
Beiping
31%
Bornholm
31%
Buenos Aires
31%
Calabria
31%
Ceylon
31%
Chechnya-Ingushetia
31%
Chihuahua
31%
Comoro Islands
31%
Dodecaneso
31%
Eritrea
31%
Extremadura
31%
Galapagos Islands
31%
Goa
31%
Gotland
31%
Granada
31%
Hannover
31%
Hebei
31%
Hebei-Chahar
31%
Hubei
31%
Irkutsk
31%
Istria
31%
Ivory Coast
31%
Kamchatka
31%
Kanto
31%
Kazan
31%
Keiki
31%
Kharkov
31%
Kherson
31%
Kursk
31%
Leinster
31%
León
31%
Luanda
31%
Madeira
31%
Madinah
31%
Manila
31%
Manitoba
31%
Marrakech
31%
Marshall Islands
31%
Mecklenburg
31%
Munster
31%
Nairobi
31%
Nauru
31%
Ningxia
31%
Northeast Rhodesia
31%
Odessa
31%
País Vasco
31%
Pamir
31%
Perm
31%
Qinghai
31%
Queensland
31%
Rostov
31%
Saaremaa
31%
Sao Tome
31%
Saskatchewan
31%
Shandong
31%
Shetland Islands
31%
Sjælland
31%
Spanish Africa
31%
St Pierre and Miquelon
31%
Sumatra
31%
Swiss Plateau
31%
Tahiti
31%
Tannu Tuva
31%
Tashkent
31%
Thüringen
31%
Ticino
31%
Tierra del Fuego
31%
Vladivostok
31%
West Banat
31%
Wilno
31%
Württemberg
31%
Zambezia-Moçambique
31%
Abkhazia
23%
Afar
23%
Akmolinsk
23%
Alpes
23%
Anhui
23%
Ardennes
23%
Astrakhan
23%
Attica
23%
Attu Island
23%
Bahia
23%
Belgorod
23%
Bukhara
23%
Burgenland
23%
Campania
23%
Chaco Austral
23%
Chaco Boreal
23%
Chelyabinsk
23%
Chiapas
23%
Chita
23%
Chongqing
23%
Christmas Island
23%
Coahuila
23%
Cyrenaica
23%
Eastern Swiss Alps
23%
Ellice Islands
23%
Emilia Romagna
23%
Finnmark
23%
Franken
23%
Friesland
23%
Fujian
23%
Gomel
23%
Gorky
23%
Guizhou
23%
Hainan
23%
Heian-Koukai
23%
Henan
23%
Hunan
23%
Hyderabad
23%
Jubaland
23%
Kalmykia
23%
Karafuto
23%
Khabarovsk
23%
Khartoum
23%
Khiva
23%
Krasnoyarsk
23%
Kuril Islands
23%
Leeward Islands
23%
Liberia
23%
Łódz
23%
Luzon
23%
Malaya
23%
Mandalay
23%
Mato Grosso
23%
Murcia
23%
Mysore
23%
Navarra
23%
New Caledonia
23%
New South Wales
23%
Northern Territory
23%
North Ossetia
23%
North Sakhalin
23%
Palau
23%
Panamá Canal
23%
Paraguay
23%
Peloponnese
23%
Pskov
23%
Reunion
23%
Ryazan
23%
Sabah
23%
San Juan y La Rioja
23%
Santa Cruz
23%
Sevilla
23%
Shikoku
23%
Siam
23%
Sind
23%
Socotra
23%
South Australia
23%
Stalino
23%
Sulawesi
23%
Sussex
23%
Transvaal
23%
Var
23%
Vorarlberg
23%
Wake Island
23%
Western Australia
23%
Western Swiss Alps
23%
Western Visayas
23%
Westfalen
23%
West Papua
23%
Windward Islands
23%
Yakutsk
23%
Yorkshire
23%
Abruzzo
15%
Al Basrah
15%
Amapá
15%
Antalya
15%
Aquitaine
15%
Ascension
15%
Aswan
15%
Atacama
15%
B.E.T.
15%
Blue Nile
15%
Bourgogne
15%
Burgas
15%
Bursa
15%
Caroline Islands
15%
Casablanca
15%
Central Australia
15%
Centre
15%
Centre-Sud
15%
Champagne
15%
Chukchi Peninsula
15%
Chukotka
15%
Connaught
15%
Curaçao
15%
Dnipropetrovsk
15%
Dobrudja
15%
Eastern Visayas
15%
East Hebei
15%
Edirne
15%
French Caribbean
15%
French India
15%
Gilbert Islands
15%
Gobi
15%
Guadalajara
15%
Guangzhou
15%
Gujarat
15%
Hatay
15%
Hinterpommern
15%
Isfahan
15%
Iwo Jima
15%
Jinan
15%
Kankyou
15%
Kansai
15%
Karakalpakstan
15%
Katowice
15%
Kaunas
15%
Kerguelen
15%
Khakassia
15%
Khuzestan
15%
Kirov
15%
Königsberg
15%
Kuybyshev
15%
Leopoldville
15%
Libyan Desert
15%
Loire
15%
Magadan
15%
Manipur
15%
Mauritius
15%
Midi Pyrenees
15%
Mombasa
15%
Natal
15%
Nejd
15%
North Angola
15%
Northern Dobruja
15%
Northern Epirus
15%
Northern Hungary
15%
Northern Urals
15%
North Transylvania
15%
Northwest Territories
15%
Novgorod
15%
Omsk
15%
Orissa
15%
Palawan
15%
Paraná
15%
Pernambuco
15%
Plovdiv
15%
Puglia
15%
Región Mesopotámica
15%
Rhone
15%
Santa Catarina
15%
Saratov
15%
Sarawak
15%
Scottish Highlands
15%
Skåne
15%
Sokoto
15%
Sønderjylland
15%
South Georgia
15%
South Sudetenland
15%
Tamaulipas
15%
Tigray
15%
Tomsk
15%
Trabzon
15%
Trentino
15%
Tripolitania
15%
Troms
15%
Tula
15%
Urumqi
15%
Vancouver Island
15%
Veracruz
15%
Vitebsk
15%
Vologda
15%
Voroshilovgrad
15%
Xian
15%
Zara
15%
Zhejiang
15%
Aberdeenshire
8%
Alma-Ata
8%
Andaman
8%
Antwerpen
8%
Araucanía
8%
Arica y Tarapacá
8%
Arunachal Pradesh
8%
Aukštaitija
8%
Auvergne
8%
Bamako
8%
Beja
8%
Białystok
8%
Bihar
8%
Bolivar
8%
Bombay
8%
Brabant
8%
Bryansk
8%
Buryatia
8%
Ceará
8%
Chernigov
8%
Chubut
8%
Chūsei-Zenra
8%
Constantine
8%
Córdoba
8%
Cumbria
8%
Dalarna
8%
Dali
8%
Dammam
8%
Durango
8%
East Bengal
8%
East Midlands
8%
Ermland-Masuren
8%
Fars
8%
Formosa
8%
Franche-Comte
8%
Fyn
8%
Gao
8%
Gävleborg
8%
Gdynia
8%
Goiás
8%
Guryev
8%
Harju
8%
Heilungkiang
8%
Herat
8%
Ivanovo
8%
Jalisco
8%
Jämtland
8%
Jan Mayen
8%
Jiangsu
8%
Jiangxi
8%
Johnston Atoll
8%
Kabardino-Balkaria
8%
Kalat
8%
Kalinin
8%
Kaluga
8%
Kayseri
8%
Kerman
8%
Kham
8%
Khorasan
8%
Khyber Pass
8%
Kolhapur and Deccan
8%
Kougen
8%
Krasnodar
8%
Kyzyl Orda
8%
Latgale
8%
Lesser Sunda Islands
8%
Liaobei
8%
Litorale
8%
Ljubljana
8%
Loreto
8%
Lublin
8%
Madras States
8%
Maurice
8%
Minas Gerais
8%
Muntenia
8%
Muscat
8%
Nenets
8%
North Baluchistan
8%
Northern Madras
8%
Northern Ontario
8%
Novosibirsk
8%
Nyanza-Rift Valley
8%
Oaxaca
8%
Oltenia
8%
Onega
8%
Orel
8%
Orenburg
8%
Oulu
8%
Pärnu
8%
Paysandú
8%
Pegu
8%
Phoenix Island
8%
Piauí
8%
Picardy
8%
Rajahsthan
8%
Rhodesia
8%
Rio Grande do Norte
8%
Rio Grande do Sul
8%
Rub al Khali
8%
Smolensk
8%
Sochi
8%
South Baluchistan
8%
Southern Madras
8%
Stanisławów
8%
Stanleyville
8%
Stavropol
8%
Suiyuan
8%
Sverdlovsk
8%
Tabuk
8%
Taklamakan
8%
Tambov
8%
Tartu
8%
The Moluccas
8%
Tocantins
8%
Tombouctou
8%
Tonkin
8%
Trøndelag
8%
Turku
8%
Tyumen
8%
Ufa
8%
Upper Nile
8%
Ural'sk
8%
Uusimaa
8%
Västerbotten
8%
Vidzeme
8%
Voronezh
8%
Waziristan
8%
West Midlands
8%
Wołyn
8%
Wuhan
8%
Yan'an
8%
Yaroslavl
8%
Zambesi
8%
Zaporozhe
8%
Žemaitija
8%
Afyon
0%
Agder
0%
Akhtubinsk
0%
Al Anbar
0%
Al Hajara
0%
Al-Qassim
0%
Altai Krai
0%
Alxa
0%
Amasya
0%
Antofagasta
0%
Arakan
0%
Arequipa
0%
Ashkhabad
0%
Ayaguz
0%
Aysén
0%
Bács-Kiskun
0%
Bahawalpur
0%
Bahr al Ghazal
0%
Balakovo
0%
Balta-Tiraspol
0%
Barotziland
0%
Bastar
0%
Bataan
0%
Begemder
0%
Benghasi
0%
Benue
0%
Birobidzhan
0%
Bismarck
0%
Bobruysk
0%
Bodaybo
0%
Bohuslän
0%
Borno
0%
Bouches-du-Rhône
0%
Bratsk
0%
Bucovina
0%
Burgos
0%
Central India
0%
Central Islands
0%
Cerro Largo
0%
Chahar
0%
Changde
0%
Chengdu
0%
Cherkasy
0%
Chuvashia
0%
Ciudad Real
0%
Cocos Islands
0%
Coquilhatville
0%
Costermansville
0%
Cote-Nord
0%
Crisana
0%
Cundinamarca
0%
Dabancheng
0%
Dairen
0%
Davao
0%
Deir-az-Zur
0%
Derna
0%
Dhofar
0%
Diego Garcia
0%
Diyarbakır
0%
Dornod
0%
Dudinka
0%
Dzungaria
0%
East Azerbaijan
0%
El Agheila
0%
Elisabethville
0%
Engels-Marxstadt
0%
Espírito Santo
0%
Farah
0%
Gabès
0%
Gannan
0%
Ganzi
0%
Garissa
0%
Gilan
0%
Gloucestershire
0%
Gojjam
0%
Golog
0%
Guaporé
0%
Guarda
0%
Guerrero
0%
Guyuan
0%
Gwalior
0%
Haida Gwaii
0%
Haixi
0%
Hakkari
0%
Hamadan
0%
Häme
0%
Hararghe
0%
Helgeland
0%
Hokuriku
0%
Huangshan
0%
Hulunbuir
0%
Ilam
0%
Illubabor-Kaffa
0%
Irrawaddy
0%
Isan
0%
Izmit
0%
Jawf
0%
Jehol
0%
Jiuquan
0%
Jura Mountains
0%
Kaiser-Wilhelmsland
0%
Karagandy
0%
Karas
0%
Kargopol
0%
Kassala
0%
Kastamonu
0%
Kayes-Koulikoro
0%
Keishou
0%
Kentung and Yawnghwe
0%
Khatangsky
0%
Khmelnytskyi
0%
Khomas
0%
Khotan
0%
Khovd
0%
Khövsgöl
0%
Kielce
0%
Kirensk
0%
Kirin
0%
Kitakyūshū
0%
Kita-Tohoku
0%
Kolyma
0%
Konya
0%
Koshinetsu
0%
Kostanay
0%
Kotlas
0%
Kouang-Tchéou-Wan
0%
Kunene
0%
Kunlun Shan
0%
Kuopio
0%
Kurdufan
0%
Kurzeme
0%
Kymi
0%
La Libertad
0%
Lanark
0%
Lancashire
0%
Languedoc
0%
Lanna
0%
Liangshan
0%
Liaotung
0%
Limousin
0%
Line Islands
0%
Lipetsk
0%
Los Andes
0%
Lothian
0%
Lourenço Marques
0%
Luga
0%
Lusambo
0%
Magallanes
0%
Magnitogorsk
0%
Magwe
0%
Malatya
0%
Manica e Sofala
0%
Maranhão
0%
Mari El
0%
Matrouh
0%
Maymanah
0%
Mendoza
0%
Mersin
0%
Meta
0%
Mikhaylovka
0%
Mikkeli
0%
Millerovo
0%
Minami Kyushu
0%
Minami Tohoku
0%
Minamitorishima
0%
Miranda
0%
Moesia
0%
Morava
0%
Moselland
0%
Mozyr
0%
Musandam
0%
Mykolaiv
0%
Nagqu
0%
Najiran
0%
Nanjing
0%
Nanlu
0%
Nanning
0%
Navoi
0%
Nendo
0%
Nevel
0%
Ngari
0%
Niederschlesien
0%
Nikolayevsk
0%
Nordland
0%
Norrbotten
0%
North Darfur
0%
Northern Kashmir
0%
Northern Malay
0%
Northern Manitoba
0%
Northern Mindanao
0%
Northern Saskatchewan
0%
North Khorasan
0%
North Queensland
0%
North Transdanubia
0%
Northumberland
0%
Nowogródek
0%
Okhotsk
0%
Olonets
0%
Opplandene
0%
Ordos
0%
Östergötland
0%
Ostmark
0%
Otjozondjupa
0%
Ouest du Quebec
0%
Oyrot Region
0%
Pailingmiao
0%
Pastaza
0%
Pavlodar
0%
Pechora
0%
Penza
0%
Peshawar
0%
Petsamo
0%
Pitcairn Island
0%
Płock
0%
Poitou
0%
Polesie
0%
Poltava
0%
Punta Porá
0%
Pyrénées-Atlantiques
0%
Qandahar
0%
Qataghan
0%
Rio Branco
0%
Río Negro
0%
Roslavl
0%
Rzhev
0%
Sagaing
0%
Saguenay
0%
Saint Lawrence
0%
Saipan
0%
Salamanca
0%
Salekhard
0%
Salla
0%
Samsun
0%
San'in
0%
San Luis y La Pampa
0%
Santa Fe
0%
Santarém
0%
San'yo
0%
Semipalatinsk
0%
Semnan
0%
Shaanbei
0%
Shewa
0%
Shigatse
0%
Shkodër
0%
Sibi
0%
Sidamo
0%
Sidi Ifni
0%
Sirte
0%
Sistan
0%
Sivas
0%
Småland
0%
Södermanland
0%
South Darfur
0%
South Khorasan
0%
South Transdanubia
0%
South West Angola
0%
South West Queensland
0%
Sūduva
0%
Sumy
0%
Sungkiang
0%
Surgut
0%
Suzhou
0%
Syktyvkar
0%
Tacna-Moquegua
0%
Tashauz
0%
Telemark
0%
Tenasserim
0%
Tikhvin
0%
Tiszántúl
0%
Tlemcen
0%
Tobolsk
0%
Tokai
0%
Tucumán
0%
Tunceli
0%
Ucayali
0%
Udachny
0%
Udmurtia
0%
Ulyanovsky
0%
Upper British Columbia
0%
Ust Urt
0%
Vaasa
0%
Valladolid
0%
Värmland
0%
Västergötland
0%
Verkhoyansk
0%
Vestlandet
0%
Vinnytsia
0%
Virumaa
0%
Volgodonsk
0%
Volkhov
0%
Vorpommern
0%
Welega
0%
Wello
0%
Weser-Ems
0%
West Azerbaijan
0%
West Punjab
0%
Wilejka
0%
Wuwei
0%
Xilingol
0%
Yamalia
0%
Yarkand
0%
Yazd
0%
Yeniseisk
0%
Yulin
0%
Zamboanga
0%
Zaolzie
0%
Zemgale
0%
Zhytomyr
0%
Zlatoust
0%
Zulia
0%
Zunyi
0%
No matching quizzes found
Score Distribution
Percent of People with Each Score
Percentile by Number Answered
Your Score History
You have not taken this quiz since the last reset